000 00416cam a2200169ua 4500
020 _c3.25
041 _ahin
_h
082 _a891.54
_bGAn/BI
100 _aGanapathchandra, Gupta .
245 _aBihari satsai /
_cGanapathchandra Gupta.
_hTextual Documents
260 _aDelhi :
_bRajkamal Prakashan ,
_c1962.
300 _a159 ; .
365 _a3.25
504 _a
942 _cBK
999 _c11471
_d11471